LEADER 01310nam0 2200289 i 450 001 SUN0014821 005 20081027120000.0 010 $a88-348-3190-x 100 $a20031216d2003 |0itac50 ba 101 $aita 102 $aIT 105 $a|||| ||||| 200 1 $aˆL'‰ordine giuridico delle macchine$ela Mettrie Helvétius d'Holbach$el' uomo-macchina verso l'intelligenza collettiva$fAntonio Punzi$gprefazione di Bruno Romano 210 $aTorino$cGiappichelli$dc2003 215 $aXI, 408 p.$d23 cm. 410 1$1001SUN0014822$12001 $aStudi di filosofia del diritto$fUniversità degli studi di Roma La Sapienza$v12$1210 $aTorino$cGiappichelli. 606 $aFilosofia del diritto$xSaggi$2FI$3SUNC007637 620 $dTorino$3SUNL000001 700 1$aPunzi$b, Antonio$3SUNV010565$0237527 702 1$aRomano$b, Bruno$f1942- $3SUNV010577 712 $aGiappichelli$3SUNV000045$4650 801 $aIT$bSOL$c20181109$gRICA 912 $aSUN0014821 950 $aUFFICIO DI BIBLIOTECA DEL DIPARTIMENTO DI GIURISPRUDENZA$d00 CONS XXI.Dd.37 $e00 24495 995 $aUFFICIO DI BIBLIOTECA DEL DIPARTIMENTO DI GIURISPRUDENZA$h24495$kCONS XXI.Dd.37$op$qa 996 $aOrdine giuridico delle macchine$9275954 997 $aUNICAMPANIA